000 01128cam a22003497a 4500
003 CHAP
005 20220329135530.0
008 971013s1945 r 00010 d
010 _a38113
011 _a39085
035 _a43205
040 _cCHAP
090 _aTesis
100 0 0 _aMiravete Anota, Raúl.
_976130
245 0 _aClasificación del frijol en México
260 _aChapingo, Méx. :
_bEl autor,
_c1945
300 _a43 h
502 _aTesis (Ing. Agr. Esp. en Fitotecnia) -- ENA. Departamento de Fitotecnia
590 _aALEPH
_b10
_c20130110
_lUCH01
_h1304
590 _aBATCH-UPD
_b10
_c20130110
_lUCH01
_h0249
590 _aBATCH-UPD
_b10
_c20130110
_lUCH01
_h2134
590 _aBATCH-UPD
_b10
_c20130409
_lUCH01
_h2319
590 _aBATCH-UPD
_b10
_c20130410
_lUCH01
_h1444
590 _aBATCH-UPD
_b10
_c20130914
_lUCH01
_h1440
590 _aCONVERSION
_b10
_c20130109
_lUCH01
_h1321
650 1 4 _aFrijol
_xClasificación.
_943344
901 _aBK
942 _cFOLL
949 _bBC
_cTES
_d-99158
_eTS1
_i43205
_si
949 _bBC
_cTES
_d-99159
_eTS2
_fc.2
_i43205
_si
949 _bBC
_cTES
_d-99160
_eTS2
_fc.3
_i43205
_si
999 _c38113
_d38113